000 00463nam a2200157 a 4500
001 000032233
005 20200930063537.0
008 110713s1937 dr 000 p spa d
040 _aDO-SdBNP
_bspa
_cBNPHU
082 _axxxx
_bM839p
100 1 _aMorel, Emilio A.
_930470
245 1 0 _aPequeños poemas /
_cEmilio A. Morel.
260 _a[Ciudad Trujillo, República Dominicana] :
_bImprenta Listín Diario,
_c1937.
300 _a108 p. ;
_c24 cm.
049 _aBNPD
999 _c31724
_d31724